[Event "Titled Tuesday intern op 13th Feb Early"]
[Site "Chess.com INT"]
[Date "2024.02.13"]
[Round "8"]
[White "Subramanian, Anusha"]
[Black "Ivanov, Aleksandr Y"]
[Result "1-0"]
[WhiteElo "2013"]
[BlackElo "2068"]
[PlyCount "107"]
[EventDate "2024.02.13"]
[EventType "swiss (blitz)"]
[EventRounds "11"]
[EventCountry "USA"]
[SourceTitle "CB08_2024"]
[SourceDate "2024.02.21"]
[SourceVersion "1"]
[SourceVersionDate "2024.02.21"]
[SourceQuality "1"]

1. c4 e6 2. Nc3 d5 3. d4 c6 4. b3 Nf6 5. a3 Nbd7 6. Nf3 Bd6 7. Bg5 h6 8. Bh4 0-0 9. e3 a6 10. Bd3 b5 11. 0-0 bxc4 12. bxc4 dxc4 13. Bxc4 c5 14. Ne4 Be7 15. Bxf6 Nxf6 16. Nxf6+ Bxf6 17. Rc1 cxd4 18. Nxd4 Bb7 19. Qg4 Bxd4 20. exd4 Bd5 21. Rfd1 Bxc4 22. Rxc4 Qd5 23. Rc5 Qd6 24. h4 Rfd8 25. Qe4 Rab8 26. Ra5 Qb6 27. Re5 Rd6 28. d5 Rbd8 29. Rb1 Qc7 30. dxe6 Rd1+ 31. Rxd1 Rxd1+ 32. Kh2 fxe6 33. g3 Qf7 34. Qe2 Rd6 35. Kg2 Qb7+ 36. Qf3 Qd7 37. Qa8+ Kh7 38. Qe4+ g6 39. h5 Qf7 40. hxg6+ Qxg6 41. Qxg6+ Kxg6 42. Kf3 Kf6 43. Rh5 Kg6 44. Ra5 Rb6 45. Ke4 Kf6 46. Kd4 Rd6+ 47. Kc4 Rd2 48. f4 Rc2+ 49. Kb3 Rg2 50. Rxa6 Rxg3+ 51. Kb4 Rf3 52. Kb5 Rxf4 53. Ra8 Rf3 54. Rf8+ 1-0

[Event "Titled Tuesday intern op 06th Feb Early"]
[Site "Chess.com INT"]
[Date "2024.02.06"]
[Round "10"]
[White "Carrasco Miranda, Andres"]
[Black "Ivanov, Aleksandr Y"]
[Result "0-1"]
[WhiteElo "2234"]
[BlackElo "2068"]
[PlyCount "72"]
[EventDate "2024.02.06"]
[EventType "swiss (blitz)"]
[EventRounds "11"]
[EventCountry "USA"]
[SourceTitle "CB07_2024"]
[SourceDate "2024.02.14"]
[SourceVersion "1"]
[SourceVersionDate "2024.02.14"]
[SourceQuality "1"]

1. c4 e6 2. g3 d5 3. Bg2 c6 4. Nf3 dxc4 5. 0-0 b5 6. a4 Bb7 7. b3 cxb3 8. Qxb3 b4 9. d4 c5 10. dxc5 Bxc5 11. Rd1 Qb6 12. e3 Nf6 13. Nbd2 Bd5 14. Nc4 Qa6 15. Nfe5 0-0 16. Bf1 Qb7 17. Bb2 Nc6 18. Nd3 Be7 19. Nf4 Bf3 20. Rdc1 Rac8 21. a5 Rfd8 22. Ne5 Nxe5 23. Bxe5 Nd5 24. a6 Qa8 25. h4 Nxf4 26. exf4 Bd5 27. Qb2 Bf8 28. h5 h6 29. Bc7 Re8 30. Ba5 Bf3 31. Qe5 Rb8 32. Rab1 b3 33. Kh2 Be4 34. Bc7 Rbc8 35. Rxb3 Be7 36. Rb7 Bf6 0-1